[Event "Copenhagen Chess Challenge 2016"]
[Site "Ballerup"]
[Date "2016.04.23"]
[Round "6"]
[White "Tandrup, Michael"]
[Black "Sorensen, Per Settergren"]
[Result "1/2-1/2"]
[WhiteElo "1961"]
[BlackElo "1979"]
[PlyCount "104"]
[EventDate "2016.04.20"]
[EventType "swiss"]
[EventRounds "9"]
[EventCountry "DEN"]

1. Nf3 c5 2. g3 Nc6 3. Bg2 e5 4. e4 g6 5. O-O Bg7 6. c4 Nge7 7. Nc3 d6 8. d3 h6
9. a3 O-O 10. Rb1 Bg4 11. h3 Bxf3 12. Bxf3 Qd7 13. Bg2 Nd4 14. Be3 f5 15. Bxd4
exd4 16. Nd5 Nxd5 17. exd5 f4 18. g4 Qf7 19. Bf3 Be5 20. Kg2 Qf6 21. Rh1 Qh4
22. b4 b6 23. bxc5 dxc5 24. a4 Rae8 25. Qd2 Bc7 26. Rbe1 Qf6 27. Rxe8 Rxe8 28.
Re1 Rxe1 29. Qxe1 Qe5 30. Qb1 Qe8 31. Qd1 Kg7 32. Be4 Qd7 33. Bf3 Kf6 34. h4
Bd6 35. Qe2 Qe7 36. Qxe7+ Bxe7 37. Kh3 Ke5 38. h5 g5 39. Kg2 a6 40. Kf1 b5 41.
axb5 axb5 42. Ke2 b4 43. Kd2 b3 44. Kc1 Bd8 45. Kb2 Ba5 46. Kxb3 Be1 47. Ka4
Bxf2 48. Kb5 Kd6 49. Kb6 Be1 50. Kb5 Bb4 51. Be4 Kc7 52. Bf3 Kd6 1/2-1/2

[Event "Copenhagen Chess Challenge 2016"]
[Site "Ballerup"]
[Date "2016.04.23"]
[Round "6"]
[White "Vesterli, Michael E"]
[Black "Kistrup, Nicolai"]
[Result "1-0"]
[WhiteElo "2138"]
[BlackElo "2033"]
[PlyCount "59"]
[EventDate "2016.04.20"]
[EventType "swiss"]
[EventRounds "9"]
[EventCountry "DEN"]

1. d4 Nf6 2. c4 e6 3. Nc3 Bb4 4. Nf3 b6 5. Bg5 Bb7 6. e3 O-O 7. Bd3 h6 8. Bh4
d6 9. O-O Bxc3 10. bxc3 Nbd7 11. Nd2 c5 12. f4 Qc7 13. e4 e5 14. fxe5 dxe5 15.
Bxf6 Nxf6 16. Rxf6 gxf6 17. Qg4+ Kh7 18. Rf1 Qd6 19. Qh4 Kg7 20. Rf3 Bc8 21.
Nf1 Rh8 22. Ng3 h5 23. d5 Bg4 24. h3 Bd7 25. Nxh5+ Kf8 26. Be2 Rc8 27. Rxf6 Qe7
28. d6 Qd8 29. Qg5 Rh7 30. Qg6 1-0

[Event "Copenhagen Chess Challenge 2016"]
[Site "Ballerup"]
[Date "2016.04.23"]
[Round "6"]
[White "Skovgaard, Ib"]
[Black "Holmstrom, Johan Ravnborg"]
[Result "0-1"]
[WhiteElo "2050"]
[BlackElo "1932"]
[PlyCount "90"]
[EventDate "2016.04.20"]
[EventType "swiss"]
[EventRounds "9"]
[EventCountry "DEN"]

1. e4 e6 2. d4 d5 3. Nd2 dxe4 4. Nxe4 Nd7 5. Nf3 Ngf6 6. Nxf6+ Nxf6 7. Ne5 c5
8. Bb5+ Nd7 9. Ba4 Bd6 10. Nc4 Be7 11. dxc5 Bxc5 12. Qh5 Qc7 13. Ne5 g6 14. Qg5
b5 15. Nxd7 Bxd7 16. Qf6 Rg8 17. Bb3 Be7 18. Qd4 Bc5 19. Qd3 Rd8 20. Be3 Bc6
21. Qe2 Bxe3 22. Qxe3 Bxg2 23. Rg1 Bd5 24. O-O-O Bxb3 25. Rxd8+ Kxd8 26. axb3
h5 27. Rg5 Qd7 28. Rc5 Ke7 29. Qc3 Kd8 30. Qf6+ Ke8 31. Rc3 g5 32. Rc5 Qd8 33.
Qc3 Kd7 34. Rxb5 Qc7 35. Qd4+ Ke7 36. Kb1 Rd8 37. Qb4+ Kf6 38. Rc5 Qxh2 39.
Qc3+ Kg6 40. Qe3 Qf4 41. Qe1 Qf3 42. Qa5 Rd1+ 43. Ka2 f6 44. Qxa7 Qh1 45. b4
Ra1+ 0-1

[Event "Copenhagen Chess Challenge 2016"]
[Site "Ballerup"]
[Date "2016.04.23"]
[Round "6"]
[White "Sundin, Sven-Ingvar"]
[Black "Andersen, Kim Nyvang"]
[Result "0-1"]
[WhiteElo "1633"]
[BlackElo "1996"]
[PlyCount "98"]
[EventDate "2016.04.20"]
[EventType "swiss"]
[EventRounds "9"]
[EventCountry "DEN"]

1. e4 c5 2. Nf3 Nc6 3. d4 cxd4 4. Nxd4 Nf6 5. Nc3 e5 6. Ndb5 d6 7. Bg5 a6 8.
Na3 b5 9. Nd5 Be7 10. Nxe7 Nxe7 11. Bxf6 gxf6 12. c3 f5 13. exf5 Bxf5 14. Bd3
e4 15. Be2 Qb6 16. Nc2 O-O 17. O-O Bg6 18. Nd4 d5 19. Qd2 f5 20. Qf4 Qf6 21.
Rad1 Be8 22. Qg3+ Kh8 23. f4 Rg8 24. Qe3 Ng6 25. Nc2 Nh4 26. Ne1 Rg7 27. Qd4
Qxd4+ 28. Rxd4 Bf7 29. g3 Ng6 30. Ng2 Ne7 31. Ne3 Be6 32. a4 Nc6 33. Rd2 bxa4
34. Nxd5 Rd7 35. c4 Nb4 36. Rfd1 Rad8 37. Kf2 a5 38. Ke1 Bxd5 39. cxd5 e3 40.
Rd3 Nxd3+ 41. Rxd3 Rxd5 42. Rxe3 Rd2 43. Bb5 Rxb2 44. Bxa4 Rdd2 45. h4 Rh2 46.
Rf3 Rh1+ 47. Rf1 Rb1+ 48. Bd1 Rxd1+ 49. Kxd1 Rxf1+ 0-1

[Event "Copenhagen Chess Challenge 2016"]
[Site "Ballerup"]
[Date "2016.04.23"]
[Round "6"]
[White "Molvig, Julius"]
[Black "Kakulidis, Ellen"]
[Result "1/2-1/2"]
[WhiteElo "1971"]
[BlackElo "1892"]
[PlyCount "94"]
[EventDate "2016.04.20"]
[EventType "swiss"]
[EventRounds "9"]
[EventCountry "DEN"]

1. d4 Nf6 2. c4 e6 3. Nf3 b6 4. g3 Bb7 5. Bg2 Be7 6. O-O O-O 7. b3 d6 8. Bb2
Nbd7 9. Nbd2 Ne4 10. Nxe4 Bxe4 11. Nd2 Bxg2 12. Kxg2 e5 13. d5 f5 14. e4 Bg5
15. exf5 Bxd2 16. Qxd2 Rxf5 17. Qd3 Qf8 18. b4 Qf7 19. Rac1 Rf8 20. f3 Ra8 21.
Rc2 Rf8 22. Ba3 h6 23. c5 bxc5 24. bxc5 e4 25. Qxe4 Rxd5 26. cxd6 cxd6 27. Rff2
Nc5 28. Bxc5 dxc5 29. Rfe2 Rfd8 30. Qc4 Kh8 31. f4 Qf5 32. Qc3 Qd7 33. Qe3 Qd6
34. Qe4 Qd7 35. Qg6 Rd6 36. Qh5 Rd5 37. Qf3 Qd6 38. Qa3 a6 39. Qa4 Rd4 40. Qb3
c4 41. Qf3 Qd7 42. Qa3 Qd5+ 43. Qf3 Qd7 44. Qa3 Rd3 45. Qc5 Qb7+ 46. Kh3 Qd7+
47. Kg2 Qb7+ 1/2-1/2

[Event "Copenhagen Chess Challenge 2016"]
[Site "Ballerup"]
[Date "2016.04.23"]
[Round "6"]
[White "Marthedal, Anton Mehmet Yildiz"]
[Black "Christensen, Allan Toftegaard"]
[Result "1-0"]
[WhiteElo "1941"]
[BlackElo "1711"]
[PlyCount "41"]
[EventDate "2016.04.20"]
[EventType "swiss"]
[EventRounds "9"]
[EventCountry "DEN"]

1. d4 f5 2. Nf3 Nf6 3. Bg5 e6 4. Nbd2 Be7 5. Bxf6 Bxf6 6. e4 O-O 7. e5 Be7 8.
Bc4 d5 9. exd6 Qxd6 10. O-O Rf6 11. Re1 Nc6 12. c3 Rg6 13. b4 Qf4 14. d5 Nd8
15. Ne5 Rh6 16. Ndf3 Bd6 17. g3 Rg6 18. Kh1 Qh6 19. Nxg6 hxg6 20. dxe6 Nc6 21.
e7+ 1-0

[Event "Copenhagen Chess Challenge 2016"]
[Site "Ballerup"]
[Date "2016.04.23"]
[Round "6"]
[White "Larsen, Preben R"]
[Black "Andersen, Daniel"]
[Result "1-0"]
[WhiteElo "1821"]
[BlackElo "1956"]
[PlyCount "65"]
[EventDate "2016.04.20"]
[EventType "swiss"]
[EventRounds "9"]
[EventCountry "DEN"]

1. c4 Nf6 2. Nc3 d5 3. cxd5 Nxd5 4. e4 Nxc3 5. bxc3 g6 6. Bc4 Bg7 7. Ne2 O-O 8.
O-O c5 9. Rb1 Nc6 10. f4 Na5 11. Bb3 c4 12. Bc2 Qd6 13. e5 Qc5+ 14. Nd4 a6 15.
Kh1 Nc6 16. Nxc6 Qxc6 17. Qf3 Qxf3 18. Rxf3 Rd8 19. d4 cxd3 20. Bd1 Bf5 21. Bd2
b5 22. Re3 Be6 23. Bb3 Bc4 24. Kg1 f6 25. exf6 Bxf6 26. Kf2 Rac8 27. Ke1 a5 28.
Kd1 Kf7 29. Bxc4+ Rxc4 30. Rxb5 Bxc3 31. Rb7 Bf6 32. Bxa5 Rc2 33. Bxd8 1-0

[Event "Copenhagen Chess Challenge 2016"]
[Site "Ballerup"]
[Date "2016.04.23"]
[Round "6"]
[White "Allam, Dariusz"]
[Black "Hentley, Darryl"]
[Result "1-0"]
[WhiteElo "1922"]
[BlackElo "1666"]
[PlyCount "65"]
[EventDate "2016.04.20"]
[EventType "swiss"]
[EventRounds "9"]
[EventCountry "DEN"]

1. d4 d5 2. Bf4 c5 3. c3 Nc6 4. e3 h6 5. h3 g6 6. Nf3 Bg7 7. Bd3 Qb6 8. Qc2 f5
9. dxc5 Qxc5 10. Nd4 Bxd4 11. exd4 Nxd4 12. cxd4 Qb6 13. Be5 Rh7 14. Nc3 Nf6
15. O-O Be6 16. Rfe1 Ne4 17. Qb3 Qc6 18. Bb5 Qxb5 19. Qxb5+ Bd7 20. Qxd5 e6 21.
Qxb7 Rd8 22. Nxe4 fxe4 23. Bf6 Rc8 24. Rxe4 Rf7 25. Bh4 Kf8 26. Rae1 Re8 27.
Qxa7 Bc8 28. Qa3+ Kg7 29. d5 Bb7 30. Rxe6 Ra8 31. Qc3+ Kg8 32. Rxg6+ Kh7 33.
Ree6 1-0

[Event "Copenhagen Chess Challenge 2016"]
[Site "Ballerup"]
[Date "2016.04.23"]
[Round "6"]
[White "Kallenbach, Uffe"]
[Black "Christophersen, David"]
[Result "0-1"]
[WhiteElo "1694"]
[BlackElo "1764"]
[PlyCount "64"]
[EventDate "2016.04.20"]
[EventType "swiss"]
[EventRounds "9"]
[EventCountry "DEN"]

1. d4 Nf6 2. Nf3 g6 3. Nbd2 Bg7 4. e4 d6 5. Bd3 O-O 6. O-O Nbd7 7. c3 e6 8. Ne1
c5 9. f4 cxd4 10. cxd4 Qb6 11. Nef3 Nh5 12. Nb3 Nxf4 13. Bxf4 e5 14. Be3 f5 15.
exf5 gxf5 16. Bc4+ Kh8 17. Qe2 f4 18. Bf2 Qc6 19. dxe5 dxe5 20. Bb5 Qg6 21.
Rac1 e4 22. Nh4 Qg5 23. Bxd7 Bxd7 24. Qxe4 Bc6 25. Nf3 Qh5 26. Qb1 Rg8 27. Bc5
Bf6 28. Kh1 Rxg2 29. Kxg2 Rg8+ 30. Kf2 Qxf3+ 31. Ke1 Re8+ 32. Kd2 Qe2# 0-1

[Event "Copenhagen Chess Challenge 2016"]
[Site "Ballerup"]
[Date "2016.04.23"]
[Round "7"]
[White "Demuth, Adrien"]
[Black "Haubro, Martin"]
[Result "1-0"]
[WhiteElo "2550"]
[BlackElo "2345"]
[PlyCount "47"]
[EventDate "2016.04.20"]
[EventType "swiss"]
[EventRounds "9"]
[EventCountry "DEN"]

1. Nf3 Nf6 2. c4 c5 3. g3 b6 4. Bg2 Bb7 5. O-O e6 6. Nc3 d6 7. d4 cxd4 8. Qxd4
a6 9. Rd1 Nbd7 10. e4 Qc7 11. b3 Be7 12. Ba3 Nc5 13. e5 dxe5 14. Qxe5 Qc8 15.
Na4 Nfd7 16. Qf4 Bc6 17. Bxc5 Bxc5 18. Nxc5 bxc5 19. Rxd7 Bxd7 20. Ne5 f6 21.
Nxd7 Kxd7 22. Rd1+ Ke8 23. Bxa8 Qxa8 24. Qc7 1-0

[Event "Copenhagen Chess Challenge 2016"]
[Site "Ballerup"]
[Date "2016.04.23"]
[Round "7"]
[White "Andersen, Mads"]
[Black "Kristensen, Kaare Hove"]
[Result "1-0"]
[WhiteElo "2504"]
[BlackElo "2341"]
[PlyCount "57"]
[EventDate "2016.04.20"]
[EventType "swiss"]
[EventRounds "9"]
[EventCountry "DEN"]

1. d4 d5 2. c4 e6 3. Nf3 c5 4. cxd5 exd5 5. Nc3 Nc6 6. dxc5 d4 7. Na4 Bxc5 8.
Nxc5 Qa5+ 9. Qd2 Qxc5 10. a3 Bg4 11. b4 Qd5 12. Bb2 O-O-O 13. Rc1 Bxf3 14. exf3
Qe6+ 15. Be2 d3 16. Bxg7 dxe2 17. Qxe2 Qg6 18. Bxh8 Qxg2 19. Rf1 Qg5 20. Qe3
Qd5 21. Rg1 Nge7 22. Kf1 Nf5 23. Qe4 Qb5+ 24. Kg2 Nd6 25. Qg4+ f5 26. Qf4 Rxh8
27. Qxd6 Qe2 28. Qf4 a6 29. Kh1 1-0

[Event "Copenhagen Chess Challenge 2016"]
[Site "Ballerup"]
[Date "2016.04.23"]
[Round "7"]
[White "Rishovd, Svein"]
[Black "Hoi, Carsten"]
[Result "0-1"]
[WhiteElo "2103"]
[BlackElo "2393"]
[PlyCount "48"]
[EventDate "2016.04.20"]
[EventType "swiss"]
[EventRounds "9"]
[EventCountry "DEN"]

1. d4 d5 2. c4 dxc4 3. e3 Nf6 4. Bxc4 Nc6 5. Nf3 a6 6. O-O Bg4 7. Qb3 e6 8. Ne5
Bd6 9. f3 Bh5 10. Nxc6 bxc6 11. e4 Nd7 12. e5 Be7 13. g4 Bg6 14. f4 Nb6 15. Be3
Be4 16. Be2 Rb8 17. Bf2 Nd5 18. Qg3 Rxb2 19. Bxa6 Bh4 20. Qa3 Nxf4 21. Qe3 Qxd4
22. Qxf4 Rxf2 23. Rxf2 Bxf2+ 24. Qxf2 Qxa1 0-1

[Event "Copenhagen Chess Challenge 2016"]
[Site "Ballerup"]
[Date "2016.04.23"]
[Round "7"]
[White "Andreasen, Joan Hendrik"]
[Black "Fries Nielsen, Jens Ove"]
[Result "1-0"]
[WhiteElo "2227"]
[BlackElo "2389"]
[PlyCount "91"]
[EventDate "2016.04.20"]
[EventType "swiss"]
[EventRounds "9"]
[EventCountry "DEN"]

1. d4 c5 2. d5 g6 3. Nc3 Bg7 4. e4 d6 5. Nge2 Na6 6. Ng3 Nc7 7. Be2 a6 8. a4 b6
9. O-O Rb8 10. Bf4 b5 11. axb5 axb5 12. Qd2 h5 13. Rfe1 h4 14. Nf1 b4 15. Nd1
Nf6 16. f3 Nh5 17. Be3 e5 18. Nf2 Nf4 19. Nd3 h3 20. g3 Ng2 21. Red1 Nxe3 22.
Qxe3 Bh6 23. Qf2 f5 24. exf5 gxf5 25. f4 e4 26. Nxc5 dxc5 27. Bh5+ Kf8 28.
Qxc5+ Kg8 29. Qc6 Rh7 30. Ra7 Bf8 31. d6 Ne6 32. d7 Re7 33. Ne3 Ng7 34. Be2 Kh7
35. Rd6 Ne6 36. Nxf5 Bb7 37. Rxb7 Rxb7 38. Nxe7 Qxe7 39. Qxb7 Nd8 40. Qc8 Qxd6
41. Qxd8 Be7 42. Qe8 Kg7 43. Qh5 Qd4+ 44. Kf1 Qxb2 45. Qe5+ Qxe5 46. fxe5 1-0

[Event "Copenhagen Chess Challenge 2016"]
[Site "Ballerup"]
[Date "2016.04.23"]
[Round "7"]
[White "Haub, Thorsten Michael"]
[Black "Nilssen, John Arni"]
[Result "1/2-1/2"]
[WhiteElo "2359"]
[BlackElo "2300"]
[PlyCount "23"]
[EventDate "2016.04.20"]
[EventType "swiss"]
[EventRounds "9"]
[EventCountry "DEN"]

1. g3 c5 2. Bg2 Nc6 3. e4 g6 4. d3 Bg7 5. Nf3 d6 6. O-O e5 7. c3 Nge7 8. Nbd2
O-O 9. Nh4 Kh8 10. f4 exf4 11. gxf4 d5 12. Ndf3 1/2-1/2

[Event "Copenhagen Chess Challenge 2016"]
[Site "Ballerup"]
[Date "2016.04.23"]
[Round "7"]
[White "Hove, Esben Kjems"]
[Black "Matthiesen, Martin"]
[Result "1/2-1/2"]
[WhiteElo "2232"]
[BlackElo "2377"]
[PlyCount "34"]
[EventDate "2016.04.20"]
[EventType "swiss"]
[EventRounds "9"]
[EventCountry "DEN"]

1. d4 Nf6 2. Nf3 d5 3. Bf4 c5 4. e3 Nc6 5. c3 Qb6 6. Qb3 c4 7. Qc2 Bf5 8. Qc1
e6 9. Nbd2 h6 10. h3 Be7 11. Be2 Qd8 12. O-O O-O 13. Bd1 Bd6 14. Bxd6 Qxd6 15.
Bc2 Rfe8 16. Re1 Bxc2 17. Qxc2 b5 1/2-1/2

[Event "Copenhagen Chess Challenge 2016"]
[Site "Ballerup"]
[Date "2016.04.23"]
[Round "7"]
[White "Englert, Fabian"]
[Black "Jorgensen, Dennis"]
[Result "1-0"]
[WhiteElo "2391"]
[BlackElo "2201"]
[PlyCount "87"]
[EventDate "2016.04.20"]
[EventType "swiss"]
[EventRounds "9"]
[EventCountry "DEN"]

1. c4 c6 2. Nf3 Nf6 3. Nc3 d5 4. e3 g6 5. d4 Bg7 6. Be2 O-O 7. O-O a6 8. Ne5 e6
9. c5 Nfd7 10. f4 f6 11. Nxd7 Nxd7 12. e4 f5 13. e5 b6 14. cxb6 Qxb6 15. Na4
Qc7 16. b3 Rf7 17. Ba3 Bf8 18. Bxf8 Rxf8 19. Rc1 a5 20. Rf3 Ba6 21. Rfc3 Bxe2
22. Qxe2 Nb8 23. Nc5 Qe7 24. h3 Kh8 25. Kh2 Ra7 26. Qe1 Qe8 27. R3c2 Qe7 28.
Nd3 Rf7 29. Rc5 Qd8 30. b4 axb4 31. Nxb4 Qb6 32. Rb1 Rab7 33. Rb3 Qc7 34. Nxc6
Nxc6 35. Qc3 Ra7 36. Rxc6 Qe7 37. a3 Ra4 38. Rb4 Ra8 39. a4 g5 40. fxg5 Rg8 41.
h4 h6 42. Rbb6 Rg6 43. Rxe6 Rxe6 44. Qc8+ 1-0

[Event "Copenhagen Chess Challenge 2016"]
[Site "Ballerup"]
[Date "2016.04.23"]
[Round "7"]
[White "Thybo, Jesper Sondergaard"]
[Black "Thorsbro, Peter"]
[Result "1-0"]
[WhiteElo "2358"]
[BlackElo "2250"]
[PlyCount "57"]
[EventDate "2016.04.20"]
[EventType "swiss"]
[EventRounds "9"]
[EventCountry "DEN"]

1. e4 c6 2. d4 d5 3. Nc3 dxe4 4. Nxe4 Bf5 5. Ng3 Bg6 6. N1e2 e6 7. Nf4 Bd6 8.
h4 Qc7 9. Qf3 Nd7 10. Bc4 Ndf6 11. Bb3 Ne7 12. h5 Bf5 13. Nxf5 Nxf5 14. c3
O-O-O 15. Nxe6 fxe6 16. Bxe6+ Kb8 17. Qxf5 Rde8 18. Be3 Qe7 19. Bb3 g6 20. Qg5
Nxh5 21. Qxe7 Rxe7 22. Kd2 Rhe8 23. Rae1 Nf4 24. Rhg1 Nd5 25. Bh6 Kc8 26. g3
Nf6 27. Rxe7 Rxe7 28. f3 Kd7 29. Bg5 1-0

[Event "Copenhagen Chess Challenge 2016"]
[Site "Ballerup"]
[Date "2016.04.23"]
[Round "7"]
[White "Haugli, Petter"]
[Black "Rendboe, John Filip"]
[Result "1/2-1/2"]
[WhiteElo "2259"]
[BlackElo "2179"]
[PlyCount "62"]
[EventDate "2016.04.20"]
[EventType "swiss"]
[EventRounds "9"]
[EventCountry "DEN"]

1. d4 Nf6 2. c4 e6 3. Nc3 d5 4. Nf3 Be7 5. Bf4 O-O 6. e3 c6 7. Bd3 Nbd7 8. O-O
b6 9. cxd5 exd5 10. Rc1 Bb7 11. h3 c5 12. dxc5 Nxc5 13. Nd4 Nfe4 14. Nxe4 Nxd3
15. Nf6+ Bxf6 16. Qxd3 Rc8 17. b3 Qd7 18. Qb5 Qxb5 19. Nxb5 Ba6 20. a4 Bxb5 21.
axb5 g5 22. Bg3 Rc3 23. Rxc3 Bxc3 24. Rc1 Bf6 25. Rc7 Rd8 26. Rxa7 d4 27. exd4
Bxd4 28. Rb7 Rd5 29. b4 Rxb5 30. Bd6 Rf5 31. Bg3 h5 1/2-1/2

[Event "Copenhagen Chess Challenge 2016"]
[Site "Ballerup"]
[Date "2016.04.23"]
[Round "7"]
[White "Kabadayi, Can"]
[Black "Sylvan, Jacob"]
[Result "0-1"]
[WhiteElo "2174"]
[BlackElo "2327"]
[PlyCount "70"]
[EventDate "2016.04.20"]
[EventType "swiss"]
[EventRounds "9"]
[EventCountry "DEN"]

1. Nf3 Nf6 2. c4 g6 3. g3 Bg7 4. Bg2 O-O 5. O-O d6 6. d4 c6 7. Nc3 Qa5 8. e4 e5
9. d5 cxd5 10. cxd5 b5 11. Nd2 b4 12. Ne2 Nbd7 13. Nb3 Qb5 14. Re1 a5 15. a4
Qb8 16. h3 Nb6 17. f4 Nc4 18. fxe5 Nxe5 19. Ned4 Bd7 20. Bf1 Qd8 21. Kh2 Nh5
22. Be3 Rc8 23. Nb5 f5 24. exf5 Bxf5 25. N3d4 Be4 26. Be2 Bxd5 27. Rc1 Rxc1 28.
Qxc1 Nxg3 29. Kxg3 Nd3 30. Bg5 Be5+ 31. Kh4 Nxc1 32. Bxd8 Nxe2 33. Rxe2 Rxd8
34. Rc2 Rf8 35. Nc6 Rf4+ 0-1

[Event "Copenhagen Chess Challenge 2016"]
[Site "Ballerup"]
[Date "2016.04.23"]
[Round "7"]
[White "Boe, Mads"]
[Black "Moe, Mogens"]
[Result "1-0"]
[WhiteElo "2303"]
[BlackElo "2160"]
[PlyCount "65"]
[EventDate "2016.04.20"]
[EventType "swiss"]
[EventRounds "9"]
[EventCountry "DEN"]

1. e4 c5 2. c3 Nf6 3. e5 Nd5 4. d4 cxd4 5. Qxd4 e6 6. Nf3 Nc6 7. Qe4 f5 8. Qe2
Be7 9. g3 b6 10. Bg2 a5 11. O-O Ba6 12. c4 a4 13. b3 axb3 14. axb3 Ndb4 15. Bb2
O-O 16. Na3 Bc5 17. Nc2 Na5 18. Nxb4 Bxb4 19. Nd4 Bb7 20. Bxb7 Nxb7 21. Rfd1
Qe7 22. Nc2 Rxa1 23. Rxa1 Rd8 24. Ra4 Bc5 25. b4 Qf7 26. Ra7 f4 27. Rxb7 f3 28.
Qe4 Bxf2+ 29. Kxf2 Rf8 30. Ne3 Qh5 31. h4 Ra8 32. Rxd7 Ra2 33. Rd2 1-0

[Event "Copenhagen Chess Challenge 2016"]
[Site "Ballerup"]
[Date "2016.04.23"]
[Round "7"]
[White "Boe Olsen, Filip"]
[Black "Hagen, Anders Gjerdrum"]
[Result "1-0"]
[WhiteElo "2176"]
[BlackElo "2262"]
[PlyCount "89"]
[EventDate "2016.04.20"]
[EventType "swiss"]
[EventRounds "9"]
[EventCountry "DEN"]

1. d4 Nf6 2. Nf3 e6 3. Bf4 b6 4. e3 Bb7 5. Be2 Be7 6. h3 O-O 7. O-O d5 8. Nbd2
c5 9. c3 Nc6 10. Bh2 Bd6 11. Ne5 Bxe5 12. dxe5 Nd7 13. f4 Qc8 14. Nf3 Ba6 15.
Bg3 Ne7 16. Bf2 Ng6 17. Qc2 Bxe2 18. Qxe2 c4 19. Nd4 Nc5 20. h4 Ne7 21. h5 Nf5
22. g4 Nxd4 23. exd4 Ne4 24. Bh4 f5 25. exf6 gxf6 26. f5 a5 27. Rf4 Qc7 28.
Raf1 e5 29. Rxe4 dxe4 30. Bg3 Qc6 31. dxe5 fxe5 32. Bxe5 Rae8 33. Bd4 e3 34. f6
h6 35. Rf4 Qc7 36. Qc2 Qh7 37. Qg6+ Qxg6 38. hxg6 Rxf6 39. Rxf6 e2 40. Bf2 b5
41. Be1 b4 42. Kf2 bxc3 43. Bxc3 a4 44. Rf4 Re6 45. Rxc4 1-0

[Event "Copenhagen Chess Challenge 2016"]
[Site "Ballerup"]
[Date "2016.04.23"]
[Round "7"]
[White "Stigar, Petter"]
[Black "Vesterli, Michael E"]
[Result "1/2-1/2"]
[WhiteElo "2229"]
[BlackElo "2138"]
[PlyCount "38"]
[EventDate "2016.04.20"]
[EventType "swiss"]
[EventRounds "9"]
[EventCountry "DEN"]

1. Nf3 Nf6 2. c4 g6 3. g3 Bg7 4. Bg2 O-O 5. d4 d6 6. O-O Nc6 7. Nc3 e5 8. d5
Nb8 9. e4 a5 10. Ne1 Na6 11. Nd3 Nd7 12. Be3 f5 13. Qd2 b6 14. a3 Nac5 15. Nxc5
bxc5 16. Bg5 Bf6 17. Bh6 Bg7 18. Bg5 Bf6 19. Bh6 Bg7 1/2-1/2

[Event "Copenhagen Chess Challenge 2016"]
[Site "Ballerup"]
[Date "2016.04.23"]
[Round "7"]
[White "Karlsson, Ulf"]
[Black "Jacobsen, Mikkel Manosri"]
[Result "1/2-1/2"]
[WhiteElo "2026"]
[BlackElo "2210"]
[PlyCount "71"]
[EventDate "2016.04.20"]
[EventType "swiss"]
[EventRounds "9"]
[EventCountry "DEN"]

1. e4 c6 2. d4 d5 3. Nc3 dxe4 4. Nxe4 Bf5 5. Ng3 Bg6 6. Nf3 Nd7 7. h4 h6 8. h5
Bh7 9. Bd3 Bxd3 10. Qxd3 e6 11. Bf4 Qa5+ 12. Nd2 Ngf6 13. c4 Be7 14. Qe2 O-O
15. O-O Rfe8 16. Rfd1 Qb6 17. Nde4 Rad8 18. Nd6 Bxd6 19. Bxd6 c5 20. Be5 cxd4
21. Bxd4 Qc6 22. b3 e5 23. Bb2 e4 24. Rd2 Nc5 25. Rxd8 Rxd8 26. Bxf6 Qxf6 27.
Rd1 Rd3 28. Re1 e3 29. fxe3 Qc3 30. Nf1 Ne4 31. Rd1 Rxd1 32. Qxd1 Qb2 33. Qf3
Qe5 34. Qf4 Qxf4 35. exf4 Nc3 36. Kf2 1/2-1/2

[Event "Copenhagen Chess Challenge 2016"]
[Site "Ballerup"]
[Date "2016.04.23"]
[Round "7"]
[White "Thuesen, Mogens Henrik"]
[Black "Slettebo, Jan"]
[Result "1-0"]
[WhiteElo "2209"]
[BlackElo "2030"]
[PlyCount "53"]
[EventDate "2016.04.20"]
[EventType "swiss"]
[EventRounds "9"]
[EventCountry "DEN"]

1. d4 d5 2. c4 c6 3. Nf3 Nf6 4. Nc3 dxc4 5. a4 Bf5 6. Ne5 Nbd7 7. Nxc4 Nb6 8.
Ne5 a5 9. g3 Nfd7 10. Nf3 e6 11. Bg2 Bb4 12. O-O O-O 13. Bg5 Be7 14. Bf4 Nd5
15. Nxd5 exd5 16. Qb3 Qb6 17. Qxb6 Nxb6 18. Nd2 Rfe8 19. Bf3 h6 20. g4 Bh7 21.
Rfc1 Nd7 22. Nb3 g5 23. Bd2 Bb4 24. Bxb4 axb4 25. a5 Be4 26. Ra4 Bxf3 27. exf3
1-0

[Event "Copenhagen Chess Challenge 2016"]
[Site "Ballerup"]
[Date "2016.04.23"]
[Round "7"]
[White "Eriksson, Christian Altenburg"]
[Black "De Seroux, Camille"]
[Result "1/2-1/2"]
[WhiteElo "2195"]
[BlackElo "2125"]
[PlyCount "135"]
[EventDate "2016.04.20"]
[EventType "swiss"]
[EventRounds "9"]
[EventCountry "DEN"]

1. e4 c5 2. c3 Nf6 3. e5 Nd5 4. Nf3 Nc6 5. d4 cxd4 6. cxd4 d6 7. Bc4 Nb6 8. Bb3
dxe5 9. d5 Na5 10. Nc3 Bg4 11. Be3 Nxb3 12. Qxb3 Bxf3 13. gxf3 g6 14. O-O-O Bg7
15. Kb1 O-O 16. Ne4 Nc8 17. Qxb7 Nd6 18. Qa6 Qd7 19. Bc5 Rfd8 20. Bxd6 exd6 21.
Rc1 Rab8 22. Rc6 Qf5 23. Qd3 Qf4 24. Qe3 Rb5 25. Nc3 Rb4 26. a3 Rd4 27. Ka2 Rd2
28. Rd1 Qxe3 29. fxe3 Rxh2 30. e4 Rf2 31. Rd3 h5 32. Nd1 Re2 33. Ne3 h4 34. Rc2
Rxc2 35. Nxc2 Rc8 36. Rd2 Bh6 37. Re2 Bf4 38. Ne1 h3 39. Nd3 h2 40. Re1 Be3 41.
Rh1 Rc2 42. Kb3 Rg2 43. a4 Bg1 44. Kc4 Rg3 45. Ne1 f5 46. exf5 gxf5 47. b4 e4
48. fxe4 fxe4 49. a5 e3 50. Kd3 Rg5 51. Nf3 Rg2 52. b5 e2 53. Kd2 Kf7 54. Ne1
Rg5 55. b6 axb6 56. axb6 Rxd5+ 57. Kxe2 Rb5 58. Nf3 Rb2+ 59. Kd3 Rb3+ 60. Ke4
d5+ 61. Kf4 Bxb6 62. Rxh2 Bc7+ 63. Ne5+ Kf6 64. Rh6+ Kg7 65. Rg6+ Kf8 66. Rc6
Rb4+ 67. Kf5 Bxe5 68. Kxe5 1/2-1/2

[Event "Copenhagen Chess Challenge 2016"]
[Site "Ballerup"]
[Date "2016.04.23"]
[Round "7"]
[White "Vasli, Aref"]
[Black "Tandrup, Michael"]
[Result "1-0"]
[WhiteElo "2164"]
[BlackElo "1961"]
[PlyCount "129"]
[EventDate "2016.04.20"]
[EventType "swiss"]
[EventRounds "9"]
[EventCountry "DEN"]

1. e4 e6 2. d4 d5 3. Nc3 dxe4 4. Nxe4 Bd7 5. Nf3 Bc6 6. Bd3 Nd7 7. Qe2 Ngf6 8.
Neg5 h6 9. Ne4 Nxe4 10. Bxe4 Bxe4 11. Qxe4 c6 12. O-O Nf6 13. Qe2 Bd6 14. c4
O-O 15. b3 Qa5 16. Bb2 Ba3 17. Rfe1 Bxb2 18. Qxb2 Qc7 19. Rad1 Rad8 20. Qa3 a6
21. h3 Rfe8 22. Rd2 Nd7 23. Rde2 Nf6 24. Rd2 Nd7 25. Qb2 Qf4 26. Re3 Qc7 27.
Red3 Qb8 28. Qa1 Nf6 29. Qe1 Kf8 30. Qe5 Qxe5 31. dxe5 Rxd3 32. Rxd3 Ng8 33.
Nd2 f5 34. Rd6 h5 35. Nf3 Nh6 36. Nd4 Nf7 37. Rxe6 Nxe5 38. Rxe8+ Kxe8 39. Nxf5
Kf8 40. Kf1 Nd3 41. a3 c5 42. Ng3 Nc1 43. b4 cxb4 44. axb4 g6 45. Ne4 Nd3 46.
b5 axb5 47. cxb5 Ke7 48. Ke2 Nf4+ 49. Kf3 Ne6 50. Ke3 Nc7 51. Nc3 Ke6 52. Kd4
b6 53. g3 Kd6 54. Kc4 Ke5 55. f4+ Kd6 56. g4 hxg4 57. hxg4 Ke6 58. Kd4 Kd6 59.
f5 gxf5 60. gxf5 Ne8 61. Ne4+ Ke7 62. Ke5 Nc7 63. Nc3 Ne8 64. Nd5+ Kf7 65. f6
1-0